000 00238nam a22001097a 4500
082 _a954/SUR
100 _aSur,Dr.A.K.
_983654
245 _aEthnicity Of Hindu Culture
260 _aKolkata
_bKallol
_c2022
650 _aHistory
942 _cBK
999 _c68597
_d68597